Indian Constitutional Law/ (Record no. 1715145)
[ view plain ]
| 000 -LEADER | |
|---|---|
| fixed length control field | 00752nam a22002537a 4500 |
| 005 - DATE AND TIME OF LATEST TRANSACTION | |
| control field | 20260311165501.0 |
| 008 - FIXED-LENGTH DATA ELEMENTS--GENERAL INFORMATION | |
| fixed length control field | 260311b |||||||| |||| 00| 0 eng d |
| 020 ## - INTERNATIONAL STANDARD BOOK NUMBER | |
| International Standard Book Number | 9788119403134 |
| 037 ## - SOURCE OF ACQUISITION | |
| Terms of availability | TB |
| 040 ## - CATALOGING SOURCE | |
| Original cataloging agency | LCT |
| Transcribing agency | LCT |
| 041 ## - LANGUAGE CODE | |
| Source of code | eng |
| Language code of text/sound track or separate title | eng |
| Language code of original | eng |
| 084 ## - COLON CLASSIFICATION NUMBER | |
| Classification number | V2:2:(Z) K2;R5 |
| 100 ## - MAIN ENTRY--PERSONAL NAME | |
| Personal name | Jain, M P |
| 9 (RLIN) | 753559 |
| 245 ## - TITLE STATEMENT | |
| Title | Indian Constitutional Law/ |
| 250 ## - EDITION STATEMENT | |
| Edition statement | 9th Edition |
| 260 ## - PUBLICATION, DISTRIBUTION, ETC. | |
| Place of publication, distribution, etc. | Gurgaon, India: |
| Name of publisher, distributor, etc. | Lexis Nexis, |
| Date of publication, distribution, etc. | 2025 |
| 300 ## - PHYSICAL DESCRIPTION | |
| Extent | ccxxii, 2081p. |
| 365 ## - TRADE PRICE | |
| Price amount | 2495.00 |
| Currency code | INR |
| 650 ## - SUBJECT ADDED ENTRY--TOPICAL TERM | |
| Topical term or geographic name entry element | Indian Constitutional Law |
| 9 (RLIN) | 681864 |
| 650 ## - SUBJECT ADDED ENTRY--TOPICAL TERM | |
| Topical term or geographic name entry element | Constitution of India |
| 9 (RLIN) | 784869 |
| 650 ## - SUBJECT ADDED ENTRY--TOPICAL TERM | |
| Topical term or geographic name entry element | Law |
| 9 (RLIN) | 784870 |
| 700 ## - ADDED ENTRY--PERSONAL NAME | |
| Personal name | Jain, Sanjay |
| 9 (RLIN) | 1131710 |
| 942 ## - ADDED ENTRY ELEMENTS (KOHA) | |
| Source of classification or shelving scheme | Colon Classification (CC) |
| Koha item type | Textbook |
| Classification part | V2:2:(Z) K2;R5 |
| Suppress in OPAC | No |
| Withdrawn status | Lost status | Source of classification or shelving scheme | Damaged status | Not for loan | Collection | Home library | Current library | Shelving location | Date acquired | Source of acquisition | Cost, normal purchase price | Inventory number | Total Checkouts | Full call number | Barcode | Date last seen | Price effective from | Koha item type |
|---|---|---|---|---|---|---|---|---|---|---|---|---|---|---|---|---|---|---|
| Colon Classification (CC) | Non-fiction | Law Centre-II Library | Law Centre-II Library | General Stacks | 2025-12-11 | Aditya Books | 2495.00 | IN921/11.12.2025 | V2:2:(Z) K2;R5 | LT0029334 | 2026-03-11 | 2026-03-11 | Textbook | |||||
| Colon Classification (CC) | Non-fiction | Law Centre-II Library | Law Centre-II Library | General Stacks | 2025-12-11 | Aditya Books | 2495.00 | IN921/11.12.2025 | V2:2:(Z) K2;R5 | LT0029335 | 2026-03-11 | 2026-03-11 | Textbook | |||||
| Colon Classification (CC) | Non-fiction | Law Centre-II Library | Law Centre-II Library | General Stacks | 2025-12-11 | Aditya Books | 2495.00 | IN921/11.12.2025 | V2:2:(Z) K2;R5 | LT0029336 | 2026-03-11 | 2026-03-11 | Textbook | |||||
| Colon Classification (CC) | Non-fiction | Law Centre-II Library | Law Centre-II Library | General Stacks | 2025-12-11 | Aditya Books | 2495.00 | IN921/11.12.2025 | V2:2:(Z) K2;R5 | LT0029337 | 2026-03-11 | 2026-03-11 | Textbook | |||||
| Colon Classification (CC) | Non-fiction | Law Centre-II Library | Law Centre-II Library | General Stacks | 2025-12-11 | Aditya Books | 2495.00 | IN921/11.12.2025 | V2:2:(Z) K2;R5 | LT0029338 | 2026-03-11 | 2026-03-11 | Textbook |
